MANAGEMENT ANDORGANISATIONAL BEHAVIOUR (Record no. 23327)

MARC details
000 -LEADER
fixed length control field 00351nam a22001457a 4500
003 - CONTROL NUMBER IDENTIFIER
control field OSt
005 - DATE AND TIME OF LATEST TRANSACTION
control field 20211222092833.0
008 - FIXED-LENGTH DATA ELEMENTS--GENERAL INFORMATION
fixed length control field 211222b |||||||| |||| 00| 0 eng d
040 ## - CATALOGING SOURCE
Transcribing agency HU
100 ## - MAIN ENTRY--PERSONAL NAME
Personal name K.ASWATHAPPA
9 (RLIN) 24126
245 ## - TITLE STATEMENT
Title MANAGEMENT ANDORGANISATIONAL BEHAVIOUR
260 ## - PUBLICATION, DISTRIBUTION, ETC.
Place of publication, distribution, etc. NEW DELHI
Name of publisher, distributor, etc. HALL
Date of publication, distribution, etc. 2012
300 ## - PHYSICAL DESCRIPTION
Extent 626
942 ## - ADDED ENTRY ELEMENTS (KOHA)
Source of classification or shelving scheme Dewey Decimal Classification
Koha item type Books like text book referance book
Suppress in OPAC No
Holdings
Withdrawn status Lost status Source of classification or shelving scheme Damaged status Not for loan Home library Current library Shelving location Date acquired Total Checkouts Full call number Barcode Date last seen Copy number Price effective from Koha item type
    Dewey Decimal Classification     Social Library Social Library General Stacks 12/22/2021   658/ASW SHLIB00012329 12/22/2021 1 12/22/2021 Books like text book referance book
    Dewey Decimal Classification     Social Library Social Library General Stacks 12/22/2021   658/ASW SHLIB00012330 12/22/2021 2 12/22/2021 Books like text book referance book